| 000 | 00514nam a22001457a 4500 | ||
|---|---|---|---|
| 999 |
_c7685 _d7685 |
||
| 008 | 171109b xxu||||| |||| 00| 0 eng d | ||
| 020 | _a01181831 | ||
| 082 | _aDPer 613.05 H34 Jul-Nov 2013 | ||
| 100 |
_923141 _aFloresca, Ruth M. |
||
| 245 |
_aPoised with purpose: _bfashion accessories and beauty products for a cause/ _cRuth M. Floresca. |
||
| 260 |
_aPhilippines: _bMIMS Pte Ltd KDN, _c©2013. |
||
| 300 |
_apages 64-65: _billustrations; _c28 cm. |
||
| 650 | 0 |
_923142 _aBeauty _xAccessories |
|
| 942 |
_2ddc _cPER |
||